[Event "PNWCC Online blitz JP 10th"]
[Site "Chess.com INT"]
[Date "2020.05.16"]
[Round "4"]
[White "Rakshitta, Ravi"]
[Black "Xu, Bernie"]
[Result "1-0"]
[WhiteElo "2190"]
[BlackElo "1885"]
[PlyCount "53"]
[EventDate "2020.05.16"]
[EventType "swiss (blitz)"]
[EventRounds "11"]
[EventCountry "USA"]
[SourceTitle "CBM 196 Extra"]
[Source "ChessBase"]
[SourceDate "2020.07.31"]
[SourceVersion "1"]
[SourceVersionDate "2020.07.31"]
[SourceQuality "1"]

1. e4 c5 2. Nf3 d6 3. d4 cxd4 4. Nxd4 Nf6 5. Nc3 a6 6. Bg5 e6 7. f4 h5 8. Qf3 Qb6 9. 0-0-0 Nbd7 10. Be2 Be7 11. Rhe1 Qc7 12. Bd3 Nc5 13. e5 Nxd3+ 14. Rxd3 dxe5 15. fxe5 Ng4 16. Bxe7 Qxe7 17. Nc6 Qg5+ 18. Kb1 0-0 19. h3 bxc6 20. hxg4 hxg4 21. Qe4 Rb8 22. Rh1 g6 23. Rg3 f5 24. exf6 Qxf6 25. Qxg4 Qf1+ 26. Rxf1 Rxf1+ 27. Nd1 1-0

[Event "PNWCC Online blitz JP 10th"]
[Site "Chess.com INT"]
[Date "2020.05.16"]
[Round "2"]
[White "Xu, Bernie"]
[Black "Bivol, Alina"]
[Result "0-1"]
[WhiteElo "1885"]
[BlackElo "2386"]
[PlyCount "88"]
[EventDate "2020.05.16"]
[EventType "swiss (blitz)"]
[EventRounds "11"]
[EventCountry "USA"]
[SourceTitle "CBM 196 Extra"]
[Source "ChessBase"]
[SourceDate "2020.07.31"]
[SourceVersion "1"]
[SourceVersionDate "2020.07.31"]
[SourceQuality "1"]

1. d4 Nf6 2. c4 g6 3. Nf3 Bg7 4. Nc3 d6 5. e4 Bg4 6. h3 Bxf3 7. Qxf3 0-0 8. Be3 c6 9. g4 e5 10. d5 Nbd7 11. h4 cxd5 12. cxd5 Qa5 13. Be2 Rac8 14. 0-0 a6 15. a4 Nc5 16. h5 Qb4 17. Bxc5 Rxc5 18. Rab1 Rcc8 19. Kg2 Nd7 20. g5 f6 21. h6 Bh8 22. Qg4 Rf7 23. Qh4 fxg5 24. Qxg5 Rcf8 25. Bg4 Nc5 26. Be6 Nxe6 27. dxe6 Rf6 28. f3 Rxe6 29. Nd5 Qxa4 30. Rbc1 Bf6 31. Nxf6+ Rexf6 32. Rc7 R6f7 33. Rfc1 Rxf3 34. Rg7+ Kh8 35. Qe7 Rf2+ 36. Kg1 Rf1+ 37. Rxf1 Rxf1+ 38. Kxf1 Qd1+ 39. Kg2 Qe2+ 40. Kg3 Qe3+ 41. Kg2 Qe2+ 42. Kg3 Qe3+ 43. Kg4 Qxe4+ 44. Kg5 Qf4# 0-1

[Event "PNWCC Online blitz JP 10th"]
[Site "Chess.com INT"]
[Date "2020.05.16"]
[Round "1"]
[White "Xu, Bernie"]
[Black "Huzman, Alexander"]
[Result "0-1"]
[WhiteElo "1885"]
[BlackElo "2562"]
[PlyCount "56"]
[EventDate "2020.05.16"]
[EventType "swiss (blitz)"]
[EventRounds "11"]
[EventCountry "USA"]
[SourceTitle "CBM 196 Extra"]
[Source "ChessBase"]
[SourceDate "2020.07.31"]
[SourceVersion "1"]
[SourceVersionDate "2020.07.31"]
[SourceQuality "1"]

1. d4 Nf6 2. c4 e6 3. Nf3 d5 4. Nc3 Be7 5. Bf4 0-0 6. e3 Nbd7 7. cxd5 Nxd5 8. Nxd5 exd5 9. a3 c5 10. dxc5 Nxc5 11. b4 Ne4 12. Bd3 Bf6 13. Rc1 Bc3+ 14. Kf1 Bf6 15. Bxe4 dxe4 16. Ne5 Qe7 17. Qd5 Re8 18. Nc4 Be6 19. Qb5 Rac8 20. Ke2 a6 21. Qxe8+ Rxe8 22. Nd6 Rd8 23. Rhd1 h5 24. h3 Bb3 25. Rd2 b5 26. Rc6 Qe6 27. Rxa6 Bc3 28. Nxf7 Qc4+ 0-1

[Event "PNWCC Online blitz JP 9th"]
[Site "Chess.com INT"]
[Date "2020.05.09"]
[Round "11"]
[White "Myers, Dominique"]
[Black "Xu, Bernie"]
[Result "1/2-1/2"]
[WhiteElo "1990"]
[BlackElo "1885"]
[PlyCount "211"]
[EventDate "2020.05.09"]
[EventType "swiss (blitz)"]
[EventRounds "11"]
[EventCountry "USA"]
[SourceTitle "CBM 196 Extra"]
[Source "ChessBase"]
[SourceDate "2020.07.31"]
[SourceVersion "1"]
[SourceVersionDate "2020.07.31"]
[SourceQuality "1"]

1. d4 Nf6 2. c4 e6 3. Nc3 Bb4 4. Qc2 0-0 5. e4 d5 6. e5 Ne4 7. Bd3 f5 8. a3 Be7 9. cxd5 exd5 10. Nxd5 c5 11. f3 Bh4+ 12. g3 Nxg3 13. hxg3 Bxg3+ 14. Kf1 Be6 15. Ne3 Qxd4 16. Ne2 Qxe5 17. Nc4 Qc7 18. f4 b5 19. Ne3 Bxf4 20. Nxf4 Qxf4+ 21. Qf2 Qxf2+ 22. Kxf2 c4 23. Bc2 Nc6 24. Ng2 Rad8 25. Be3 g6 26. Nf4 Bf7 27. Rad1 Ne5 28. Bc5 Rfe8 29. Rxd8 Rxd8 30. Rd1 Rxd1 31. Bxd1 Kg7 32. Bd4 Kf6 33. b3 cxb3 34. Nd3 Ke6 35. Bxb3+ Nc4 36. a4 Kd5 37. Bxa7 bxa4 38. Bxc4+ Kxc4 39. Ne5+ Kb3 40. Nxf7 a3 41. Ne5 a2 42. Bd4 Kc2 43. Nc4 Kb1 44. Na3+ Kc1 45. Ke2 f4 46. Ba1 g5 47. Bf6 h6 48. Kf3 h5 49. Ke2 g4 50. Kf2 Kd2 51. Be5 h4 52. Bxf4+ Kc3 53. Be5+ Kb3 54. Nb5 g3+ 55. Kg2 Kc4 56. Nc7 Kb3 57. Ne6 Kc2 58. Nd4+ Kb1 59. Nb3 Kc2 60. Na1+ Kd3 61. Kh3 Ke4 62. Bb8 Kf3 63. Ba7 Ke2 64. Kxh4 g2 65. Kh3 Kf1 66. Kh2 g1Q+ 67. Bxg1 Ke2 68. Bd4 Kd3 69. Bg7 Ke4 70. Kg3 Kd5 71. Kf4 Kc4 72. Ke3 Kd5 73. Kd3 Kc5 74. Kc3 Kd5 75. Kb3 Ke4 76. Kxa2 Kd5 77. Kb3 Ke4 78. Kc3 Kd5 79. Kd3 Kc5 80. Nc2 Kd5 81. Bd4 Kd6 82. Ke4 Ke6 83. Ne3 Kd6 84. Nc4+ Ke6 85. Be5 Ke7 86. Kd5 Kd7 87. Bd6 Kd8 88. Ke6 Kc8 89. Na5 Kd8 90. Be5 Kc8 91. Kd6 Kb8 92. Kc6+ Ka7 93. Bc7 Ka8 94. Bb6 Kb8 95. Nb7 Ka8 96. Nc5 Kb8 97. Na6+ Ka8 98. Nc7+ Kb8 99. Bd4 Kc8 100. Ba7 Kd8 101. Kd6 Kc8 102. Kc6 Kd8 103. Bc5 Kc8 104. Nb5 Kb8 105. Nc7 Kc8 106. Ba7 1/2-1/2

[Event "PNWCC Online blitz JP 9th"]
[Site "Chess.com INT"]
[Date "2020.05.09"]
[Round "8"]
[White "Tsay, Vincent"]
[Black "Xu, Bernie"]
[Result "1-0"]
[WhiteElo "2310"]
[BlackElo "1885"]
[PlyCount "63"]
[EventDate "2020.05.09"]
[EventType "swiss (blitz)"]
[EventRounds "11"]
[EventCountry "USA"]
[SourceTitle "CBM 196 Extra"]
[Source "ChessBase"]
[SourceDate "2020.07.31"]
[SourceVersion "1"]
[SourceVersionDate "2020.07.31"]
[SourceQuality "1"]

1. Nf3 Nf6 2. g3 e6 3. Bg2 d5 4. 0-0 Be7 5. c4 0-0 6. d4 dxc4 7. Qc2 a6 8. a4 Nbd7 9. Qxc4 c5 10. a5 cxd4 11. Qxd4 Nc5 12. Qc4 Qd5 13. Nbd2 Bd7 14. b4 Qxc4 15. Nxc4 Nb3 16. Rb1 Nxc1 17. Rfxc1 Bc6 18. Nb6 Rad8 19. e3 Nd5 20. Nd4 Nxb4 21. Nxc6 Nxc6 22. Bxc6 bxc6 23. Rxc6 Rd6 24. Rxd6 Bxd6 25. Nc4 Rb8 26. Rb6 Rxb6 27. axb6 Bb8 28. Na5 Kf8 29. Nc6 Bd6 30. b7 a5 31. Nxa5 Ke8 32. Nc6 1-0

[Event "PNWCC Online blitz JP 9th"]
[Site "Chess.com INT"]
[Date "2020.05.09"]
[Round "9"]
[White "Xu, Bernie"]
[Black "Mei, Austin"]
[Result "0-1"]
[WhiteElo "1885"]
[BlackElo "1962"]
[PlyCount "62"]
[EventDate "2020.05.09"]
[EventType "swiss (blitz)"]
[EventRounds "11"]
[EventCountry "USA"]
[SourceTitle "CBM 196 Extra"]
[Source "ChessBase"]
[SourceDate "2020.07.31"]
[SourceVersion "1"]
[SourceVersionDate "2020.07.31"]
[SourceQuality "1"]

1. d4 Nf6 2. c4 g6 3. Nc3 Bg7 4. e4 0-0 5. Nf3 d6 6. h3 e5 7. d5 c6 8. g4 cxd5 9. cxd5 a6 10. a4 Nbd7 11. Be3 Ne8 12. Be2 Nc5 13. Nd2 f5 14. gxf5 gxf5 15. Rg1 Nxe4 16. Ndxe4 fxe4 17. Nxe4 Qa5+ 18. Qd2 Qxd2+ 19. Kxd2 Bxh3 20. Bh6 Kh8 21. Bxg7+ Nxg7 22. Nxd6 Rad8 23. Nxb7 Rxd5+ 24. Ke1 Bc8 25. Rc1 Ne6 26. Bc4 Bxb7 27. Bxd5 Bxd5 28. Rd1 Nd4 29. Rg3 Rb8 30. Re3 Rxb2 31. Rxe5 Nf3+ 0-1

[Event "PNWCC Online blitz JP 9th"]
[Site "Chess.com INT"]
[Date "2020.05.09"]
[Round "7"]
[White "Xu, Bernie"]
[Black "Sarkar, Justin"]
[Result "1/2-1/2"]
[WhiteElo "1885"]
[BlackElo "2380"]
[PlyCount "66"]
[EventDate "2020.05.09"]
[EventType "swiss (blitz)"]
[EventRounds "11"]
[EventCountry "USA"]
[SourceTitle "CBM 196 Extra"]
[Source "ChessBase"]
[SourceDate "2020.07.31"]
[SourceVersion "1"]
[SourceVersionDate "2020.07.31"]
[SourceQuality "1"]

1. d4 Nf6 2. c4 e6 3. Nf3 c5 4. d5 exd5 5. cxd5 Bd6 6. Nc3 0-0 7. e4 Re8 8. Bd3 Nxe4 9. Bxe4 f5 10. 0-0 fxe4 11. Ng5 Be7 12. Ngxe4 d6 13. Bf4 Bf5 14. Re1 Na6 15. Ng3 Bg6 16. a3 Qd7 17. Qd2 Nc7 18. Rad1 Bf8 19. Nge4 b5 20. Ng5 a5 21. Ne6 b4 22. Ne4 Nxe6 23. dxe6 Rxe6 24. Nxc5 Rxe1+ 25. Rxe1 Qc6 26. Ne6 bxa3 27. bxa3 Re8 28. Nxf8 Rxe1+ 29. Qxe1 Kxf8 30. h3 a4 31. Qe6 Bf7 32. Qxd6+ Qxd6 33. Bxd6+ Ke8 1/2-1/2

[Event "PNWCC Online blitz JP 8th"]
[Site "Chess.com INT"]
[Date "2020.05.02"]
[Round "4"]
[White "Xu, Bernie"]
[Black "Tian, Eddy"]
[Result "0-1"]
[WhiteElo "1885"]
[BlackElo "2204"]
[PlyCount "74"]
[EventDate "2020.05.02"]
[EventType "swiss (blitz)"]
[EventRounds "11"]
[EventCountry "USA"]
[SourceTitle "CBM 195 Extra"]
[Source "ChessBase"]
[SourceDate "2020.05.31"]
[SourceVersion "1"]
[SourceVersionDate "2020.05.31"]
[SourceQuality "1"]

1. d4 Nf6 2. c4 g6 3. Nc3 Bg7 4. e4 d6 5. Nf3 0-0 6. h3 e5 7. d5 a5 8. g4 Na6 9. Be3 c6 10. Be2 cxd5 11. cxd5 Nc5 12. Nd2 Bd7 13. a4 Ne8 14. Nc4 Rc8 15. b3 f5 16. gxf5 gxf5 17. Rg1 f4 18. Bxc5 Rxc5 19. Bg4 Nf6 20. Bxd7 Qxd7 21. Qf3 Qc7 22. Nb5 Rxb5 23. axb5 Qc5 24. Rxa5 Qd4 25. Ke2 Nxe4 26. Raa1 Nc3+ 27. Kf1 e4 28. Qg4 f3 29. Qxg7+ Qxg7 30. Rxg7+ Kxg7 31. Nxd6 Nxd5 32. Nxe4 Kg6 33. Ra7 Rc8 34. Ke1 Re8 35. Ra4 Nc3 36. Rc4 Nxe4 37. Kf1 Nd2+ 0-1

[Event "Toronto NAYCC U08"]
[Site "Toronto"]
[Date "2013.08.16"]
[Round "5"]
[White "Polavaram, Rithik S"]
[Black "Xu, Bernie"]
[Result "1-0"]
[WhiteElo "1562"]
[BlackElo "1123"]
[PlyCount "135"]
[EventDate "2013.08.14"]
[EventType "swiss"]
[EventRounds "9"]
[EventCountry "CAN"]
[SourceTitle "EXT 2022"]
[Source "ChessBase"]
[SourceDate "2021.10.06"]
[SourceVersion "1"]
[SourceVersionDate "2021.10.06"]
[SourceQuality "1"]

1. d4 Nf6 2. Bg5 e6 3. e4 Be7 4. e5 Nd5 5. Bxe7 Qxe7 6. c4 Nb6 7. Nc3 0-0 8. Nf3 d5 9. cxd5 exd5 10. Bd3 Bg4 11. 0-0 Nc6 12. Be2 Qb4 13. Qd2 Bxf3 14. Bxf3 Nxd4 15. Bd1 Nc6 16. Bf3 d4 17. Bxc6 bxc6 18. Ne4 Qxd2 19. Nxd2 Rfe8 20. Nf3 Rad8 21. Rac1 Re6 22. Rfd1 d3 23. Rc3 d2 24. Rc2 f6 25. Rcxd2 Rxd2 26. Rxd2 fxe5 27. Re2 e4 28. Ng5 Rd6 29. g3 Rd1+ 30. Kg2 Ra1 31. Rxe4 g6 32. Re8+ Kg7 33. h4 Rxa2 34. Re7+ Kf6 35. Rxc7 Rxb2 36. Nxh7+ Ke5 37. Rxc6 Ke4 38. Ng5+ Kf5 39. Re6 Rb4 40. Kh3 Rg4 41. Re7 a5 42. Rf7+ Ke5 43. Kxg4 a4 44. Ra7 Kd4 45. Ra6 Kc5 46. Ne4+ Kb5 47. Ra7 Nc4 48. Nc3+ Kb4 49. Rxa4+ Kxc3 50. Rxc4+ Kxc4 51. Kg5 Kd3 52. Kxg6 Ke2 53. g4 Kxf2 54. h5 Ke3 55. h6 Ke4 56. h7 Kd5 57. h8R Kd4 58. Kf5 Kd3 59. g5 Kd4 60. g6 Kd5 61. g7 Kd4 62. g8R Kd3 63. Rg4 Ke3 64. Rh3+ Kf2 65. Rgg3 Ke2 66. Rg2+ Kf1 67. Rhh2 Ke1 68. Rh1# 1-0

[Event "Toronto NAYCC U08"]
[Site "Toronto"]
[Date "2013.08.15"]
[Round "2"]
[White "Pau, Ethan"]
[Black "Xu, Bernie"]
[Result "1-0"]
[WhiteElo "1535"]
[BlackElo "1123"]
[PlyCount "131"]
[EventDate "2013.08.14"]
[EventType "swiss"]
[EventRounds "9"]
[EventCountry "CAN"]
[SourceTitle "EXT 2022"]
[Source "ChessBase"]
[SourceDate "2021.10.06"]
[SourceVersion "1"]
[SourceVersionDate "2021.10.06"]
[SourceQuality "1"]

1. e4 e6 2. d4 d5 3. Nd2 Bb4 4. c3 Ba5 5. Bd3 Ne7 6. Ne2 0-0 7. 0-0 Bb6 8. Qc2 c5 9. exd5 exd5 10. Bxh7+ Kh8 11. Bd3 c4 12. Nxc4 dxc4 13. Bxc4 Bf5 14. Qd1 Nd7 15. Ng3 Bg6 16. Re1 Re8 17. Qg4 Qc7 18. Bb5 f5 19. Qh4+ Kg8 20. Rxe7 f4 21. Bxf4 Qd8 22. Rxe8+ Qxe8 23. Qg4 Rd8 24. Bg5 Ra8 25. Qxd7 a6 26. Qxe8+ Bxe8 27. Bc4+ Bf7 28. Bxf7+ Kxf7 29. h3 Re8 30. Bd2 Bc7 31. Re1 Bxg3 32. fxg3 Rh8 33. Kf2 Rh5 34. g4 Ra5 35. a3 Rd5 36. b4 Rd6 37. Re4 Kg6 38. c4 Rf6+ 39. Kg3 Kh7 40. d5 g6 41. Re7+ Kg8 42. Rxb7 Rd6 43. Kf4 Rd8 44. Rb6 Kg7 45. Rxa6 Rf8+ 46. Kg3 Rf7 47. Bc3+ Kh6 48. b5 Rc7 49. Rc6 Rd7 50. Bb4 Kg7 51. b6 Re7 52. Rc7 Rf7 53. Rxf7+ Kxf7 54. b7 g5 55. b8Q Kf6 56. d6 Ke6 57. c5 Kd7 58. Qc7+ Ke6 59. Qe7+ Kd5 60. d7 Kc4 61. d8Q Kb3 62. Qd3+ Kb2 63. Qee2+ Kc1 64. Qdd2+ Kb1 65. Qed3+ Ka1 66. Bc3# 1-0

[Event "Toronto NAYCC U08"]
[Site "Toronto"]
[Date "2013.08.15"]
[Round "3"]
[White "Xu, Bernie"]
[Black "Ettibaryan, Levon"]
[Result "1/2-1/2"]
[WhiteElo "1123"]
[BlackElo "608"]
[PlyCount "118"]
[EventDate "2013.08.14"]
[EventType "swiss"]
[EventRounds "9"]
[EventCountry "CAN"]
[SourceTitle "EXT 2022"]
[Source "ChessBase"]
[SourceDate "2021.10.06"]
[SourceVersion "1"]
[SourceVersionDate "2021.10.06"]
[SourceQuality "1"]

1. d4 d5 2. c4 e6 3. Nc3 Nc6 4. Bf4 Bb4 5. a3 Ba5 6. b4 Bb6 7. c5 Nf6 8. e3 a6 9. cxb6 cxb6 10. Nf3 Bd7 11. Bd3 h6 12. 0-0 0-0 13. Ne5 Re8 14. Qf3 Nh7 15. Nxf7 Qf6 16. Ne5 Nxe5 17. Bxe5 Qxf3 18. gxf3 Rf8 19. f4 Rf7 20. Bg6 Rff8 21. e4 Rfd8 22. Rfe1 Rac8 23. Rac1 Rf8 24. Bd6 Rf6 25. Nxd5 exd5 26. Bxh7+ Kxh7 27. Be5 Rxc1 28. Rxc1 Rc6 29. Rxc6 bxc6 30. f3 a5 31. bxa5 bxa5 32. Kf2 Kg6 33. f5+ Kf7 34. Kg3 g5 35. fxg6+ Kxg6 36. exd5 cxd5 37. f4 a4 38. h4 h5 39. Bd6 Kf5 40. Kf3 Bb5 41. Be7 Bd3 42. Ke3 Be4 43. Bg5 Kg4 44. Kd2 Bf5 45. Kc3 Bd7 46. Kb4 Kf5 47. Kc5 Be6 48. Bh6 Bf7 49. Kb4 Ke4 50. Bg7 Be8 51. Be5 Bd7 52. Kc5 Be6 53. Kd6 Bg8 54. Ke7 Kf5 55. Kf8 Be6 56. Kg7 Kg4 57. Bf6 Kxf4 58. Kg6 Kg4 59. Kh6 Bf5 1/2-1/2